000 00204 a2200097 4500
001 3604
100 _aDuff, C
245 _aBasic essentials of french, the
260 _a
_bNelson
_c
090 _c2868
_d2868
942 _aNUST-CAE
_cM
_c20757
999 _c238677
_d238677